000 01477nam a2200265 a 4500
003 OSt
005 20251028143622.0
008 251020b2003 mx a||||r|||| 00| 0 spa d
020 _a978-968-24-6786-8
040 _cCHAP
_dPA
_erda
082 _aPA 371.3
_b.L67 2003
100 0 _aLópez Torres, Marcos
_968374
245 _aTécnicas de enseñanza en grupo /
_cMarcos López Torres
264 _aMéxico :
_bTrillas,
_c2003
300 _a71 páginas
336 _2rdacontent
_atexto
_btxt
337 _2rdamedia
_asin medio
_bn
338 _2rdacarrier
_avolumen
_bnc
505 _aCap. 1. Las técnicas de trabajo en grupo.-- Cap. 2. Características de las diversas técnicas. -- Cap. 3. Técnicas de reuniones de trabajo.-- Bibliografía.-- Índice analítico.
520 _aLas técnicas de enseñanza en grupo son un apoyo indispensable no sólo en la práctica docente, sino también en el ámbito laboral frente a los administradores y empleados de una empresa.De ahí la necesidad de conocerlas y aplicarlas en la práctica diaria, por parte de quienes están al frente de esos grupos.El objetivo de esta obra es contribuir al proceso de enseñanza-aprendizaje de tal manera que el profesor pueda aplicar cada técnica de acuerdo con las características del grupo, así como del interés y la estructura institucional.
534 _pTítulo original:
650 7 _aDinámica de grupos
_932629
650 7 _aEducación
_xMetodología
_935463
942 _2ddc
_cLibro
999 _c233086
_d233086